000 00805nam a22002297a 4500
003 UA-OsUOA
001 70318
007 ta
008 20100902b un ||||| |||| 00| 0 ukr d
100 _aЛевидов М. Ю.
090 _a821.161.1
_bЛ34
942 _cBK
040 _aUA-OsUOA
_brus
_cUA-OsUOA
_dUA-OsUOA
245 _aПутешествие в некоторые отдаленные страны, мысли и чувства Джонатана Свифта, сначала исследователя, а потом воина в нескольких сражениях
300 _a287 с.
955 _a3
041 _arus
080 _a821.161.1
260 _aМ.
_bКнига
_c1986
650 7 _a82 Література. Літературознавство
_2UDC
999 _c356539
_d356539